| 000 | 00998nam a22002297a 4500 | ||
|---|---|---|---|
| 005 | 20110603102325.0 | ||
| 010 | _aB-430985 | ||
| 020 |
_c375.00 _a019569323X |
||
| 020 |
_c9780195693232 _a375.00 |
||
| 035 | _aB-430985 | ||
| 037 | _bAllied Publishers/VEN | ||
| 082 | 0 | 0 | _a954.120350922 |
| 100 |
_aHasan, Mushirul _929027 |
||
| 245 | 1 | 0 |
_aFrom pluralism to separatism: _cby Mushirul Hasan _bqasbas in colonial Awadh/ |
| 260 |
_aNew Delhi _bOxford University Press _c2008 |
||
| 270 |
_bNew Delhi _e110 001 _aYMCA Library Building, Jai Singh Road |
||
| 300 |
_a334p. _c22cm (pbk ) |
||
| 500 | _aIncludes index, | ||
| 942 |
_adpl _cEN _2ddc _h954.120350922 _mHAS |
||
| 999 |
_c52712 _d52712 |
||